Online Catalogue and eLibrary

Strong Women in Sri Lanka (Record no. 5784)

MARC details
000 -LEADER
fixed length control field 00462nam a2200181Ia 4500
005 - DATE AND TIME OF LATEST TRANSACTION
control field 20250117024745.0
008 - FIXED-LENGTH DATA ELEMENTS--GENERAL INFORMATION
fixed length control field 240331s9999 xx 000 0 und d
020 ## - INTERNATIONAL STANDARD BOOK NUMBER
ISBN 9789550249121
082 ## - DDC Classification
Item Number - Author Mark STR
Class No. 920
245 #0 - TITLE STATEMENT
Title Strong Women in Sri Lanka
260 ## - PUBLICATION, DISTRIBUTION, ETC.
Place of publication, distribution, etc. Nugegoda
Name of publisher, distributor, etc. Ministry of child Development and Women's Affairs
Date of publication, distribution, etc. 2012
300 ## - PHYSICAL DESCRIPTION
Extent (e.g. Volumes, Pages etc.) 191 p .,
650 ## - SUBJECT ADDED ENTRY--TOPICAL TERM
Topical term or geographic name entry element Society
650 ## - SUBJECT ADDED ENTRY--TOPICAL TERM
Topical term or geographic name entry element Social
650 ## - SUBJECT ADDED ENTRY--TOPICAL TERM
Topical term or geographic name entry element Women Roles
700 ## - ADDED ENTRY--PERSONAL NAME
Personal name MCDWA.
Relator term (Role) Editor
942 ## - Koha item type (Biblio)
Koha item type Books in Stacks (Lending)
Holdings
Lost status Damaged status Collection code Home library Current library Shelving location Date acquired Full call number Accession Number Item type
    Lending WERC Library WERC Library Social Science Cupboard 03/31/2024 920.954 STR 6759 Books in Stacks (Lending)

© WERC Library